|
|
|
|
| LEADER |
00928nam a2200229 a 4500 |
| 001 |
2968572 |
| 003 |
GR-PaULI |
| 005 |
20210117211106.0 |
| 008 |
910725s1999 enka 000 0 eng |
| 952 |
|
|
|0 0
|1 0
|2 ddc
|4 0
|6 323_000000000000000_ΙΝΤ
|7 0
|9 241286
|a LISP
|b LISP
|c BSC
|d 2020-06-18
|i 147590
|l 0
|o 323 ΙΝΤ
|p 025000273132
|r 2020-06-18 00:00:00
|t 1
|v 2020.00
|w 2020-06-18
|y BK15
|
| 999 |
|
|
|c 145570
|d 145570
|
| 010 |
|
|
|a
|
| 020 |
|
|
|a 8788882608
|
| 040 |
|
|
|a DLC
|c GR-PaULI
|b gre
|e AACR2
|
| 082 |
0 |
4 |
|a 323
|2 23
|
| 110 |
2 |
|
|9 181315
|a International Rehabilitation Council for Torture Victims
|
| 245 |
1 |
0 |
|a Annual report /
|b
|c International Rehabilitation Council for Torture Victims.
|
| 260 |
|
|
|a Copenhagen, Denmark :
|b International Rehabilitation Council for Torture Victims,
|c 1999.
|
| 300 |
|
|
|a 50 σ. :
|b εικ. ;
|c 30 εκ.
|
| 650 |
|
4 |
|a Ανθρώπινα δικαιώματα
|9 958
|
| 942 |
|
|
|2 ddc
|c BK15
|
| 998 |
|
|
|c ΜΠΟΥΡΑΣ
|d 2020-06
|